Nové usporiadanie medzinárodných ekonomických vzťahov
Nový ekonomický poriadok sveta. Európska únia a GATT. Údaje o priemyselných vyspelých štátoch v r. 1993. Stredná a východná Európa. Severná Amerika a Latinská Amerika. Ekonomickí "tigri" rozvojového sveta. Ázia a Afrika.
Guardado en:
| Formato: | Capítulo de libro |
|---|---|
| Lenguaje: | eslovaco |
| Materias: | |
| Etiquetas: |
Sin Etiquetas, Sea el primero en etiquetar este registro!
|
MARC
| LEADER | 00000naa a2200000 4500 | ||
|---|---|---|---|
| 001 | r000263 | ||
| 005 | 20221205090357.9 | ||
| 041 | 0 | |a slo | |
| 044 | |a SK | ||
| 245 | 1 | 0 | |a Nové usporiadanie medzinárodných ekonomických vzťahov |
| 520 | |a Nový ekonomický poriadok sveta. Európska únia a GATT. Údaje o priemyselných vyspelých štátoch v r. 1993. Stredná a východná Európa. Severná Amerika a Latinská Amerika. Ekonomickí "tigri" rozvojového sveta. Ázia a Afrika. | ||
| 610 | 2 | 0 | |a vzťahy hospodárske medzinárodné |
| 610 | 2 | 0 | |a hospodárstvo trhové |
| 610 | 2 | 0 | |a nový ekonomický poriadok |
| 610 | 2 | 0 | |a GATT |
| 610 | 2 | 0 | |a 1993 |
| 610 | 2 | 0 | |a Európske spoločenstvá |
| 610 | 2 | 0 | |a stredná Európa |
| 610 | 2 | 0 | |a východná Európa |
| 610 | 2 | 0 | |a transformácia |
| 610 | 2 | 0 | |a integrácia |
| 610 | 2 | 0 | |a USA |
| 610 | 2 | 0 | |a Severná Amerika |
| 610 | 2 | 0 | |a Afrika |
| 610 | 2 | 0 | |a Latinská Amerika |